| 000 | 00596nam a2200217Ia 4500 | ||
|---|---|---|---|
| 005 | 20250326144504.0 | ||
| 008 | 250326s9999 xx 000 0 und d | ||
| 020 | _a0-8144-8065-9 | ||
| 037 | _aTextbook | ||
| 040 |
_aFMSL _beng _cFMSL |
||
| 041 |
_aeng _2eng |
||
| 084 |
_aX:8 P8 _qFMSL |
||
| 100 |
_aSandler L _9749746 |
||
| 245 | 0 |
_aBecoming an extraordinary manager : 5 Essentials for success _cSandler L |
|
| 260 |
_aNY _bNY, AMACOM _c2008 |
||
| 300 | _axi,241 | ||
| 365 | _b871.83150000000001 | ||
| 650 | _aManagement | ||
| 942 |
_cTB _hX:8 P8 |
||
| 999 |
_c1303893 _d1303893 |
||